[Event "Cartak IM"]
[Site "Cartak"]
[Date "2003.11.15"]
[Round "6"]
[White "Husman, Juan de Roda"]
[Black "Biolek, Richard"]
[Result "0-1"]
[WhiteElo "2272"]
[BlackElo "2436"]
[PlyCount "128"]
[EventDate "2003.11.11"]
[EventType "tourn"]
[EventRounds "9"]
[EventCountry "CZE"]
[EventCategory "3"]
[SourceTitle "CBM 097 Extra"]
[Source "ChessBase"]
[SourceDate "2004.01.13"]
[SourceVersion "1"]
[SourceVersionDate "2004.01.13"]
[SourceQuality "1"]

1. e4 d5 2. exd5 Nf6 3. c4 e6 4. d4 exd5 5. Nc3 Be7 6. Nf3 0-0 7. Be2 c6 8. 0-0 dxc4 9. Bxc4 Nbd7 10. Re1 Nb6 11. Bb3 Bg4 12. h3 Bh5 13. g4 Bg6 14. Ne5 Nfd7 15. f4 Nxe5 16. dxe5 Bd3 17. Qf3 Bc4 18. Rd1 Qc7 19. Bxc4 Nxc4 20. b3 Nb6 21. Bb2 f5 22. g5 Rad8 23. Kg2 Rxd1 24. Rxd1 Rd8 25. Rd3 Rxd3 26. Qxd3 Qd7 27. Qxd7 Nxd7 28. Ne2 Nf8 29. Nd4 g6 30. Kf3 Kf7 31. Nc2 Ke6 32. Ke3 b5 33. h4 c5 34. Kd3 Kd5 35. Ne3+ Kc6 36. Bc1 Ne6 37. Nc2 Bd8 38. Bd2 Bb6 39. a4 a6 40. axb5+ axb5 41. Ke2 Kd5 42. Kf3 Bd8 43. Bc3 Be7 44. h5 Kc6 45. hxg6 hxg6 46. Ne3 Bd8 47. Ng2 Kd7 48. Nh4 Nf8 49. Ke3 Ke6 50. Kf3 Bb6 51. Ng2 c4 52. bxc4 bxc4 53. Bb4 Nd7 54. Nh4 Kf7 55. e6+ Kxe6 56. Nxg6 Bd4 57. Nf8+ Nxf8 58. Bxf8 Bb2 59. Ke2 Bc1 60. Kd1 Bxf4 61. Kc2 Bxg5 62. Kc3 Kd5 63. Bg7 Be3 64. Kc2 Bd4 0-1

[Event "Cartak IM"]
[Site "Cartak"]
[Date "2003.11.13"]
[Round "3"]
[White "Schwarz, Dusan"]
[Black "Husman, Juan de Roda"]
[Result "1-0"]
[WhiteElo "2272"]
[BlackElo "2272"]
[PlyCount "67"]
[EventDate "2003.11.11"]
[EventType "tourn"]
[EventRounds "9"]
[EventCountry "CZE"]
[EventCategory "3"]
[SourceTitle "CBM 097 Extra"]
[Source "ChessBase"]
[SourceDate "2004.01.13"]
[SourceVersion "1"]
[SourceVersionDate "2004.01.13"]
[SourceQuality "1"]

1. e4 c5 2. Nf3 d6 3. d4 cxd4 4. Nxd4 Nf6 5. Nc3 g6 6. Be3 Bg7 7. f3 Nc6 8. Qd2 0-0 9. 0-0-0 d5 10. exd5 Nxd5 11. Nxc6 bxc6 12. Bd4 e5 13. Bc5 Be6 14. Ne4 Rb8 15. h4 f5 16. Ng5 e4 17. Bd4 e3 18. Qd3 Nb4 19. Qxe3 Nxa2+ 20. Kb1 Bd5 21. Bxg7 Qa5 22. Rxd5 Qxd5 23. Qe6+ Kxg7 24. Qe7+ Rf7 25. Qxf7+ Qxf7 26. Nxf7 Nc3+ 27. Ka1 Kxf7 28. bxc3 Kf6 29. Bd3 Ke5 30. g3 Kd5 31. Re1 Rb7 32. f4 Kd6 33. h5 Rb8 34. h6 1-0